000
00239nam a22001097a 4500
082
_a
ROG
100
_a
Roger Hardy
245
_a
The muslim revolt a journey through political islam
260
_a
London
_c
2010
300
_a
239
942
_c
BK
999
_c
55114
_d
55111